| 000 | 00481nam a2200169 a 4500 | ||
|---|---|---|---|
| 001 | 000033313 | ||
| 003 | DO-SdBNP | ||
| 005 | 20230309083753.0 | ||
| 008 | 110823s1962 dr 000 0 spa d | ||
| 040 |
_aDO-SdBNP _bspa _cBNPHU |
||
| 049 | _aBNPD | ||
| 100 | 1 |
_aCaminero Sánchez, Mario _958909 |
|
| 245 | 1 | 0 |
_aTríptico heroico y otros poemas / _cMario Caminero Sánchez. |
| 260 |
_aSanto Domingo : _bEditora del Caribe, _c1962. |
||
| 300 |
_a50 p. ; _c23 cm. |
||
| 942 |
_2ddc _cLBS1 |
||
| 999 |
_c32804 _d32804 |
||